00505nam a22001457a 4500082002700000100003800027245004000065260003700105300002200142526003700164650001300201942001200214999001900226952011400245 a355.00954491bRIZcDON aThe pakistan army war 1965937923 aThe pakistan army warbShaukat riza aLahorebServices book clubc1984 a311p:bill.c24cm a0b0c0d355_009544910000000_RIZ aMCE9379 2ddccBK c542662d542662 00102ddc4070aMCEbMCEd2014-02-11l1o355.00954491 RIZpMCE-34960r2017-10-03s2017-10-03w2014-02-11yBK